书目信息 |
| 题名: |
萨克斯管练习曲集
|
|
| 作者: | 王清泉 编著 | |
| 分册: | 3 | |
| 出版信息: | 北京 人民音乐出版社 2001 |
|
| 页数: | 57页 | |
| 开本: | 29cm | |
| 丛书名: | ||
| 单 册: | ||
| 中图分类: | J647.121 | |
| 科图分类: | ||
| 主题词: | 萨克管--练习曲--世界--现代--选集 , 音乐--作品--中国 | |
| 电子资源: | ||
| ISBN: | 7-103-02244-5 | |
| 000 | 01155nam0 2200337 450 | |
| 000 | 01118nam0 2200325 450 | |
| 000 | 01081nam0 2200313 450 | |
| 000 | 01046nam0 2200301 450 | |
| 000 | 01009nam0 2200301 450 | |
| 000 | 00955nam0 2200277 450 | |
| 000 | 00962nam0 2200265 450 | |
| 000 | 00925nam0 2200253 45 | |
| 001 | TS2006045508 | |
| 005 | 20061209144359.21 | |
| 010 | @a7-103-02244-5@dCNY14.50 | |
| 100 | @a20060829d2001 em y0chiy0110 ea | |
| 101 | 0 | @achi |
| 102 | @aCN@b110000 | |
| 105 | @ag z 000yy | |
| 200 | 1 | @a萨克斯管练习曲集@Asa ke si guan lian xi qu ji@h3@f王清泉编著@FWang Qing Quan Bian Zhu |
| 210 | @a北京@c人民音乐出版社@d2001 | |
| 215 | @a57页@c图@d29cm | |
| 330 | @a本书是适用于初学者的曲集式教程。主要由音阶、琶音、练习曲构成。本书共分5册出版,本册共收入了练习曲48首。 | |
| 606 | 0 | @a萨克管@x练习曲@y世界@z现代@x选集 |
| 606 | 0 | @a音乐@x作品@x中国 |
| 690 | @aJ647.121@v4 | |
| 701 | 0 | @a王清泉@Awang qing quan@4编著 |
| 801 | 0 | @aCN@b中图数据@c20061209 |
| 905 | @a10447@dJ647.121@e99:3 | |
| 萨克斯管练习曲集.3/王清泉编著.-北京:人民音乐出版社,2001 |
| 57页:图;29cm |
| ISBN 7-103-02244-5:CNY14.50 |
| 本书是适用于初学者的曲集式教程。主要由音阶、琶音、练习曲构成。本书共分5册出版,本册共收入了练习曲48首。 |
| ● |
| 相关链接 |
|
|
|
|
正题名:萨克斯管练习曲集
索取号:J647.121/99:3
 
预约/预借
| 序号 | 登录号 | 条形码 | 馆藏地/架位号 | 状态 | 备注 |
| 1 | 0610891 | 206108914 | 第一样本阅览室/ [索取号:J647.121/99:3] | 在馆 | |
| 2 | 0610892 | 206108923 | 第一借阅区/ [索取号:J647.121/99:3] | 在馆 | |
| 3 | 0610893 | 206108932 | 第一借阅区/ [索取号:J647.121/99:3] | 在馆 | |
| 4 | 0610894 | 206108941 | 第一借阅区/ [索取号:J647.121/99:3] | 在馆 |